000 01031nam a22003137a 4500
001 BR0305174
003 BR-BrBNA
005 20230928101419.0
007 ta
008 230509b bl.||||| |||| 00| 0 por d
040 _aBR-BrBNA
_bpor
_cBiblioteca Nacional de Agricultura
041 _a(Por)
072 _aP33
_b0230
090 _ 0230 BR0305174
100 1 _aCássaro, F.A.M.
110 1 _aCentro de Energia Nuclear na Agricultura, Piracicaba, SP (Brasil)
_0Tese (Doutor em Ciências)
245 1 _aNovas aplicações e aspectos teóricos ligados à sondas de nêutrons-gama de superfície em estudos de física de solos
260 3 _aPiracicaba, SP (Brasil):
_c2002.
300 _a92 p.
500 _aSummaries (Eng, Por); Bibliography p. 88-92; 35 illus.; 6 tables
650 _aCANA DE AÇÚCAR
650 _aFÍSICA DO SOLO
650 _aCOMPACTAÇÃO DO SOLO
650 _aRADIAÇÃO ATÔMICA
650 _aRAIO GAMA
650 _aUMIDADE DO SOLO
909 _a202309
_bLucia
_c55
_dLucia Elande
942 _cBK
999 _c65713
_d65713